000 01448nam a2200445 i 4500
001 7539
003 KOSZ 005
005 20200124080625.0
008 071017s1972 pl a f f |000 0 pol
015 _aPB 1972/8269
035 _a(OCoLC)839006846
040 _aWA N
_cWA N
_dKOSZ 005/HR
041 0 _apol
_ager
046 _k1972
080 _a811.112.2
080 _a620.9
100 1 _aTarsten, Norbert.
_eAutor
245 1 0 _aJęzyk niemiecki :
_bmateriały pomocnicze dla słuchaczy Wydziału Mechaniczno-Energetycznego /
_cNorbert Tarsten.
260 _aWrocław :
_bPolitechnika Wrocławska,
_c1972.
300 _a92 s. :
_bil. ;
_c23 cm.
336 _2rdacontent
_aTekst
_btxt
337 _2rdamedia
_aBez urządzenia pośredniczącego
_bn
338 _2rdacarrier
_aWolumin
_bnc
380 _aKsiążki.
380 _aPublikacje dydaktyczne.
385 _mPoziom nauczania.
_aSzkoły wyższe.
388 _a1901-2000
388 _a1945-1989
490 1 _aSkrypty / Politechnika Wrocławska.
504 _aBibliogr.
658 _aJęzykoznawstwo
655 4 _aPodręczniki akademickie
650 4 _aMechanika
650 4 _aTerminologia
650 4 _aEnergetyka
650 4 _aJęzyk niemiecki
856 _uhttp://koha.tu.koszalin.pl/cgi-bin/koha/opac-detail.pl?biblionumber=7539
_yKatalog online BPK
830 0 _aSkrypty - Politechnika Wrocławska
942 _2UKD
_cKS
999 _c7539
_d7539